<?xml version="1.0" encoding="UTF-8"?>
<record
    xmlns:xsi="http://www.w3.org/2001/XMLSchema-instance"
    xsi:schemaLocation="http://www.loc.gov/MARC21/slim http://www.loc.gov/standards/marcxml/schema/MARC21slim.xsd"
    xmlns="http://www.loc.gov/MARC21/slim">

  <leader>01783nam a22002777a 4500</leader>
  <controlfield tag="001">3355</controlfield>
  <controlfield tag="003">FISKH</controlfield>
  <controlfield tag="005">20240229103629.0</controlfield>
  <controlfield tag="008">240229b        cb ||||| |||| 00| 0 eng d</controlfield>
  <datafield tag="020" ind1=" " ind2=" ">
    <subfield code="a">9780948164224</subfield>
  </datafield>
  <datafield tag="040" ind1=" " ind2=" ">
    <subfield code="a">FISKH</subfield>
    <subfield code="b">eng</subfield>
    <subfield code="c">FISKH</subfield>
    <subfield code="d">FISKH</subfield>
  </datafield>
  <datafield tag="050" ind1=" " ind2=" ">
    <subfield code="a">PS648.S3 </subfield>
  </datafield>
  <datafield tag="082" ind1=" " ind2=" ">
    <subfield code="a">813 </subfield>
  </datafield>
  <datafield tag="100" ind1=" " ind2=" ">
    <subfield code="a">Asimov, Isaac </subfield>
  </datafield>
  <datafield tag="245" ind1=" " ind2=" ">
    <subfield code="a">The mammoth book of short science fiction novels /</subfield>
    <subfield code="c">Presented by Isaac Asimov ; Edited by Isaac Asimov, Martin H. Greenberg and Charles G. Waugh </subfield>
  </datafield>
  <datafield tag="250" ind1=" " ind2=" ">
    <subfield code="a">This edition published 1988</subfield>
  </datafield>
  <datafield tag="260" ind1=" " ind2=" ">
    <subfield code="a">London : </subfield>
    <subfield code="b">Robinson Publishing, </subfield>
    <subfield code="c">1986 </subfield>
  </datafield>
  <datafield tag="300" ind1=" " ind2=" ">
    <subfield code="a">574 pages : </subfield>
    <subfield code="c">20 cm </subfield>
  </datafield>
  <datafield tag="490" ind1=" " ind2=" ">
    <subfield code="a">Mammoth Science Fiction</subfield>
  </datafield>
  <datafield tag="520" ind1=" " ind2=" ">
    <subfield code="a">The Mammoth Book of "Vintage Science Fiction" is a collection of 10 short stories (i.e. around 50 pages each) from the 1950's. The authors contained in this volume include renowed sci-fi writers such as Asimov, Walter M. Miller (author of "Canticle for Lebowitz), Poul Anderson, Theodore Sturgeon, and Philip Jose Farmer; and it is edited by Asimov. 
The collection features some great sci-fi - some of which is nostalgic, but it in a good way - while other stories actually seem quite timeless. The "Mammoth" Sci books (by Carroll &amp; Graf Sci-Fi) are actually a series of 6 volumes from the Classic sci-fi of the 1930's, through Modern Sci-fi of the 80's. Based on this volume, and some of the titles in the 60's volume, it's too bad these volumes are out of circulation and somewhat difficult to find. This is a great collection of page-turning stories, and would make a good gift for Sci-Fi fans, young and old!</subfield>
  </datafield>
  <datafield tag="650" ind1=" " ind2=" ">
    <subfield code="a">Anthology</subfield>
    <subfield code="x">Short Stories</subfield>
    <subfield code="y">Science Fiction</subfield>
  </datafield>
  <datafield tag="700" ind1=" " ind2=" ">
    <subfield code="a">Greenberg, Martin H. </subfield>
    <subfield code="e">Editor</subfield>
  </datafield>
  <datafield tag="700" ind1=" " ind2=" ">
    <subfield code="a">Waugh, Charles G. </subfield>
    <subfield code="e">Editor</subfield>
  </datafield>
  <datafield tag="942" ind1=" " ind2=" ">
    <subfield code="2">ddc</subfield>
    <subfield code="c">BK</subfield>
    <subfield code="n">0</subfield>
  </datafield>
  <datafield tag="999" ind1=" " ind2=" ">
    <subfield code="c">3355</subfield>
    <subfield code="d">3355</subfield>
  </datafield>
  <datafield tag="952" ind1=" " ind2=" ">
    <subfield code="0">0</subfield>
    <subfield code="1">0</subfield>
    <subfield code="2">ddc</subfield>
    <subfield code="4">0</subfield>
    <subfield code="7">0</subfield>
    <subfield code="8">FIC</subfield>
    <subfield code="a">001</subfield>
    <subfield code="b">001</subfield>
    <subfield code="c">TKSF</subfield>
    <subfield code="d">2024-02-29</subfield>
    <subfield code="l">0</subfield>
    <subfield code="o">ASI Fic PS648.S3 </subfield>
    <subfield code="p">FISSE03215</subfield>
    <subfield code="r">2024-02-29 10:35:51</subfield>
    <subfield code="w">2024-02-29</subfield>
    <subfield code="y">BK</subfield>
  </datafield>
</record>
